Sanat - "Kuori mua" - Sini Sabotage - Statistics

Yleistilastot
  • Tätä visaa on pelattu 20 kertaa
  • Keskiarvotulos 74 / 153
Vastaustilastot
Vastaus % Oikein
ku
100%
Kuori
100%
mua
100%
mut
94%
sipulii
94%
mun
83%
Ota
83%
aah
78%
kii
78%
on
78%
Riisu
78%
Uuh
78%
lanteista
72%
kerroksii
67%
kyyneliin
61%
Mus
61%
Kermakakkufiilis
56%
nyt
56%
pääl
56%
valmiina
56%
day
50%
every
50%
ni
50%
täs
50%
ja
44%
joo
44%
kiitti
44%
onion
44%
tääl
44%
the
44%
top
44%
Alkaa
39%
Cherry
39%
Jokaisen
39%
layerit
39%
nää
39%
Unboxaa
39%
avaamaan
33%
et
33%
himmee
33%
I'm
33%
mayhemi
33%
mp
33%
onioni
33%
ready
33%
sisuksiin
33%
Tuu
33%
vähän
33%
all
28%
Avaa
28%
deeppii
28%
Dippaillaan
28%
kivaa
28%
kommenteist
28%
painaa
28%
pitää
28%
slay
28%
stressii
28%
Sukella
28%
Aina
22%
duunii
22%
esitetään
22%
kiire
22%
Mitä
22%
night
22%
Party
22%
Pelkkää
22%
roikkuu
22%
tuckin'
22%
voidaan
22%
äitiä
17%
etsii
17%
hyvin
17%
kaikki
17%
Kaikki
17%
Ku-ku-ku-kuori
17%
ois
17%
Sul
17%
vihaa
17%
energiaa
11%
flexii
11%
Ku-ku-kuori
11%
lihaa
11%
meet
11%
millon
11%
Mukan
11%
Samaa
11%
Si-Si-Si-Sini-Sipuli
11%
terapiaan
11%
Uutta
11%
verta
11%
yhtä
11%
big
6%
dick
6%
smalltalkkii
6%
traumoja
6%
Ehtoja vastaavia visoja ei löytynyt
Tulosjakauma
Jokaisen tuloksen saaneiden osuus
Persentiili vastausten määrän mukaan
Tuloshistoriasi
Et ole pelannut tätä visaa